000 00801nam a2200241 a 4500
999 _c3194
_d3194
001 3194
003 BD-JhCC
005 20171112103141.0
008 171111s1985 bg |||| ||a| 000 0 ben d
035 _a(BD-JhCC)3194
040 _aBD-JhCC
_dBD-JhCC
041 _aben
082 _a738
_bSHA 1985
100 _aশাহজালাল, মোহাম্মদ
245 _aবাংলাদেশের মৃৎশিল্প /
_cমোহাম্মদ শাহজালাল
260 _aঢাকা :
_bবাংলা একাডেমী,
_c1985.
300 _a78 p. :
_c18 cm.
490 _aSeries in honour of the Martyrs of the Language Movement of February 1952.
504 _aIncludes Bibliography
650 _aPottery of Bangladesh
942 _2ddc
_cBK